01716nam a22003377a 4500999001500000001000600015003000900021005001700030008004100047020001800088040003300106082001600139100002600155245009000181250001200271260004000283300004500323500002000368650001400388650003000402700001900432942001500451952011400466952011400580952011400694952011400808952011400922952011401036952011401150952011401264 c5006d500616043BD-DhUAP20201126143546.0201126s2010 Inda b 001 0 eng d a9788131224816 aDNLM/DLCcDLCdBD-DhUAPbEng00223a615 BEN aBentley, Arthur Owen. aBentley's textbook of pharmaceutics /cArthur Owen Bentley ; edited by E. A. Rawlins. a8th ed. aIndia :bSaunders Elsevier,cc2010. aix, 725 pages :billustrations ;c24 cm. aIncludes index. aPharmacy. aPharmaceutical chemistry. aRawlins, E. A.00012ddccBK 00102ddc4070aUAPCLbUAPCLcGeneral Stacksd2020-11-26o615 BENp3010016043r2020-11-26t1w2020-11-26yBK 00102ddc4070aUAPCLbUAPCLcGeneral Stacksd2020-11-26o615 BENp3010016045r2020-11-26t2w2020-11-26yBK 00102ddc4070aUAPCLbUAPCLcGeneral Stacksd2020-11-26o615 BENp3010016042r2020-11-26t3w2020-11-26yBK 00102ddc4070aUAPCLbUAPCLcGeneral Stacksd2020-11-26o615 BENp3010016044r2020-11-26t4w2020-11-26yBK 00102ddc4070aUAPCLbUAPCLcGeneral Stacksd2020-11-26o615 BENp3010016047r2020-11-26t5w2020-11-26yBK 00102ddc4070aUAPCLbUAPCLcGeneral Stacksd2020-11-26o615 BENp3010016041r2020-11-26t6w2020-11-26yBK 00102ddc4070aUAPCLbUAPCLcGeneral Stacksd2020-11-26o615 BENp3010016046r2020-11-26t7w2020-11-26yBK 00102ddc4070aUAPCLbUAPCLcGeneral Stacksd2020-11-26o615 BENp3010016040r2020-11-26t8w2020-11-26yBK